Deaf, deafness and communication options (Record no. 393821)
[ view plain ]
| 000 -LEADER | |
|---|---|
| fixed length control field | 00581 a2200217 4500 |
| 005 - DATE & TIME | |
| control field | 20251230151508.0 |
| 008 - FIXED-LENGTH DATA ELEMENTS--GENERAL INFORMATION | |
| fixed length control field | 251230b |||||||| |||| 00| 0 eng d |
| 020 ## - ISBN | |
| International Standard Book Number | 9789348491183 |
| Price | Rs. 450.00 |
| 040 ## - CATALOGING SOURCE | |
| Original cataloging agency | VIVEKANANDA LIBRARY |
| 082 ## - DDC NUMBER | |
| Classification number | 371.912 |
| Book Number | S23D |
| 100 ## - MAIN ENTRY--PERSONAL NAME | |
| Personal name | Sharma, Sandeep |
| 245 ## - TITLE STATEMENT | |
| Title | Deaf, deafness and communication options |
| 260 ## - PUBLICATION, DISTRIBUTION, ETC. (IMPRINT) | |
| Name of publisher, distributor, etc | Kanishka Publishers, Distributors |
| Date of publication, distribution, etc | 2025 |
| Place of publication, distribution, etc | New Delhi |
| 300 ## - PHYSICAL DESCRIPTION | |
| Pages | 100 |
| 650 ## - Subject | |
| Subject | Education |
| 650 ## - Subject | |
| Subject | Special Education |
| 650 ## - Subject | |
| Subject | Deafness |
| 700 ## - Added Entry Personal Name | |
| Added Entry Personal Name | Jat, Kamlesh |
| 700 ## - Added Entry Personal Name | |
| Added Entry Personal Name | Jat, Parveen Kumar, ed. |
| 942 ## - ADDED ENTRY ELEMENTS (KOHA) | |
| Koha item type | Books |
| Withdrawn status | Lost status | Source of classification or shelving scheme | Damaged status | Not for loan | Location (home branch) | Sublocation or collection (holding branch) | Shelving location | Date acquired | Koha issues (times borrowed) | Koha full call number | Accession No. | Koha date last seen | Koha item type |
|---|---|---|---|---|---|---|---|---|---|---|---|---|---|
| Dewey Decimal Classification | VIVEKANANDA LIBRARY | VIVEKANANDA LIBRARY | Centre for Disability Studies | 02/12/2025 | 371.912 S23D | 443349 | 02/12/2025 | Books | |||||
| Dewey Decimal Classification | VIVEKANANDA LIBRARY | VIVEKANANDA LIBRARY | Centre for Disability Studies | 02/12/2025 | 371.912 S23D | 443347 | 02/12/2025 | Books | |||||
| Dewey Decimal Classification | VIVEKANANDA LIBRARY | VIVEKANANDA LIBRARY | Centre for Disability Studies | 02/12/2025 | 371.912 S23D | 443351 | 02/12/2025 | Books | |||||
| Dewey Decimal Classification | VIVEKANANDA LIBRARY | VIVEKANANDA LIBRARY | Centre for Disability Studies | 30/12/2025 | 371.912 S23D | 443348 | 30/12/2025 | Books | |||||
| Dewey Decimal Classification | VIVEKANANDA LIBRARY | VIVEKANANDA LIBRARY | Centre for Disability Studies | 30/12/2025 | 371.912 S23D | 443350 | 30/12/2025 | Books |
